Online
Catalog

Génesis de las guerras intestinas en América Central (1960-1983) / (Record no. 57138)

MARC details
000 -CABECERA
campo de control de longitud fija 02127nam a2200361 i 4500
003 - IDENTIFICADOR DEL NÚMERO DE CONTROL
campo de control DO-SdBNP
005 - FECHA Y HORA DE LA ÚLTIMA TRANSACCIÓN
campo de control 20260310131548.0
007 - CAMPO FIJO DE DESCRIPCIÓN FÍSICA--INFORMACIÓN GENERAL
campo de control de longitud fija ta
008 - DATOS DE LONGITUD FIJA--INFORMACIÓN GENERAL
campo de control de longitud fija 240703s2008 mx 000 0 spa d
020 ## - NÚMERO INTERNACIONAL ESTÁNDAR DEL LIBRO
Número Internacional Estándar del Libro 9789681686338
040 ## - FUENTE DE LA CATALOGACIÓN
Centro catalogador/agencia de origen DO-SdBNP
Lengua de catalogación spa
Centro/agencia transcriptor BNPHU
Normas de descripción rda
041 ## - CÓDIGO DE LENGUA
Código de lengua del texto/banda sonora o título independiente spa
082 #4 - NÚMERO DE LA CLASIFICACIÓN DECIMAL DEWEY
Número de clasificación 320.972
Número de documento/Ítem B328g
Número de edición 22
100 1# - ENTRADA PRINCIPAL--NOMBRE DE PERSONA
Nombre de persona Bataillon, Gilles,
Término indicativo de función/relación autor
Código de función/relación aut.
9 (RLIN) 85941
240 ## - TÍTULO UNIFORME
Título uniforme Genése des guerres internes en Amérique Centrale (1960-1983) /
245 10 - MENCIÓN DE TÍTULO
Título Génesis de las guerras intestinas en América Central (1960-1983) /
Mención de responsabilidad, etc. Gilles Bataillon ; traducción Jorge Alaniz Pinell.
264 #1 - PRODUCCIÓN, PUBLICACIÓN, DISTRIBUCIÓN, FABRICACIÓN Y COPYRIGHT
Producción, publicación, distribución, fabricación y copyright México :
Nombre del de productor, editor, distribuidor, fabricante FCE,
Fecha de producción, publicación, distribución, fabricación o copyright 2003.
300 ## - DESCRIPCIÓN FÍSICA
Extensión 612 páginas ;
Dimensiones 21 cm.
336 ## - TIPO DE CONTENIDO
Término de tipo de contenido texto
Código de tipo de contenido txt
Fuente rdacontent
337 ## - TIPO DE MEDIO
Nombre/término del tipo de medio sin mediación
Código del tipo de medio n
Fuente rdamedia
338 ## - TIPO DE SOPORTE
Nombre/término del tipo de soporte volumen
Código del tipo de soporte nc
Fuente rdacarrier
490 1# - MENCIÓN DE SERIE
Mención de serie Sección de obras de historia
500 ## - NOTA GENERAL
Nota general Incluye índice onomástico.
504 ## - NOTA DE BIBLIOGRAFÍA, ETC.
Nota de bibliografía, etc. Bibliografía : páginas 509-571
520 ## - SUMARIO, ETC.
Sumario, etc. La obra indaga en la guerra civil y las otras confrontaciones armadas que estallaron en América Central a fines de los años setenta: imponiéndose una doble tarea: situar el análisis de las causas y del sesgo de esas conflagraciones en el complejo entramado socio histórico de Guatemala, El Salvador y Nicaragua; e impugnar los estereotipos que siguen lastrando el estudio de esas sociedades. Por ejemplo, la etiqueta ya secular de "repúblicas bananeras", que no es la expresión de algún concepto fruto de la historiografía o de la sociología; sino el correlato verbal de los prejuicios que han suplantado la realidad de Centro América, y que continúan deformando su percepción. El ensayo es una reflexión en torno a las actitudes -perplejidad y entusiasmo a la vez - de los países de esa región ante el embate de la modernización, desde el ángulo de sus guerras internas.
590 ## - NOTA LOCAL (RLIN)
Nota local Inventariado, 2024/ YL
650 #4 - PUNTO DE ACCESO ADICIONAL DE MATERIA--TÉRMINO DE MATERIA
Término de materia o nombre geográfico como elemento de entrada Nacionalismo
Subdivisión general Historia
Subdivisión geográfica América
9 (RLIN) 10966
650 #4 - PUNTO DE ACCESO ADICIONAL DE MATERIA--TÉRMINO DE MATERIA
Término de materia o nombre geográfico como elemento de entrada Historia comparada
9 (RLIN) 85943
700 1# - PUNTO DE ACCESO ADICIONAL--NOMBRE DE PERSONA
Nombre de persona Alaniz Pinell, Jorge,
Término indicativo de función/relación traductor
Código de función/relación tr.
9 (RLIN) 85944
710 2# - PUNTO DE ACCESO ADICIONAL--NOMBRE DE ENTIDAD CORPORATIVA
Nombre de entidad corporativa o nombre de jurisdicción como elemento de entrada Fondo de Cultura Económica
9 (RLIN) 9178
910 ## - DATOS DE OPCIÓN DEL USUARIO (OCLC)
Datos de opción del usuario YLockward
942 ## - ELEMENTOS DE PUNTO DE ACCESO ADICIONAL (KOHA)
Fuente del sistema de clasificación o colocación Dewey Decimal Classification
Tipo de ítem Koha Libro
Holdings
Estado de retiro Estado de pérdida Fuente del sistema de clasificación o colocación Restricciones de uso No para préstamo Código de colección Localización permanente Ubicación/localización actual Ubicación en estantería Fecha de adquisición Fuente de adquisición Total de préstamos Signatura topográfica completa Código de barras Fecha visto por última vez Precio válido a partir de Tipo de ítem Koha Número de copia
    Dewey Decimal Classification Préstamo en sala   General Biblioteca Nacional Pedro Henríquez Ureña Biblioteca Nacional Pedro Henríquez Ureña En catalogación 04.08.2023 Donación   BNPHU GR 320.972 B328g 2024-4063 03.07.2024 03.07.2024 Libro  
    Dewey Decimal Classification Préstamo en sala   General Biblioteca Nacional Pedro Henríquez Ureña Biblioteca Nacional Pedro Henríquez Ureña En catalogación 04.08.2023 Donación   BNPHU GR 320.972 B328g 2024-4064 03.07.2024 03.07.2024 Libro e. 2

Powered by Koha